[Event "IND-chT 37th"]
[Site "Bhopal"]
[Date "2017.02.02"]
[Round "1.2"]
[White "Yash, Tulapurkar"]
[Black "Sriram, Jha"]
[Result "0-1"]
[WhiteElo "1374"]
[BlackElo "2384"]
[PlyCount "54"]
[EventDate "2017.02.02"]
[EventType "team-swiss"]
[EventRounds "9"]
[EventCountry "IND"]
[SourceTitle "CBM 176 Extra"]
[Source "ChessBase"]
[SourceDate "2017.03.02"]
[SourceVersion "1"]
[SourceVersionDate "2017.03.02"]
[SourceQuality "1"]
[WhiteTeam "Indore Chess Academy"]
[BlackTeam "LIC of India"]
[WhiteTeamCountry "IND"]
[BlackTeamCountry "IND"]

1. e4 c5 2. Nf3 e6 3. d4 cxd4 4. Nxd4 Nf6 5. Nc3 Nc6 6. Ndb5 d6 7. Be3 a6 8. Na3 b5 9. Ne2 Nxe4 10. f3 Nf6 11. Ng3 d5 12. c3 Bd6 13. Nc2 Qc7 14. Bf2 0-0 15. Bd3 Ne5 16. Be2 Nc4 17. Qc1 Bf4 18. Qb1 Bd2+ 19. Kf1 Bxc3 20. Bxc4 Qxc4+ 21. Kg1 Be5 22. a3 Bb7 23. b3 Qd3 24. Ra2 Rac8 25. Qe1 Bxg3 26. hxg3 Rxc2 27. Rxc2 Qxc2 0-1